Nederlandse steden in beeld - Statistieken

Algemene statistieken
  • Deze quiz is 36 keer genomen
  • De gemiddelde score is 13 van 16
Antwoordstatistieken
Foto Antwoord % Correct
Amsterdam
100%
Den Haag
100%
Rotterdam
100%
Utrecht
100%
Eindhoven
97%
Arnhem
94%
Groningen
91%
Maastricht
88%
Nijmegen
81%
Delft
75%
Haarlem
75%
Zwolle
75%
Alkmaar
69%
Breda
66%
Leiden
66%
Tilburg
63%
Geen overeenkomende quizzen gevonden
Scoreverdeling
Procent van Mensen met Elke Score
Percentiel versus Aantal Correcte Antwoorden
Uw Scoregeschiedenis
U heeft deze quiz nog niet genomen